000 00476nam a2200181Ia 4500
008 240925s9999 xx 000 0 und d
020 _a9788177588798
082 _a621.382 GAR
100 _aGarg, Vijay K.
245 0 _aPrinciples and Applications of GSM
250 _aNA
260 _aNew Delhi:
_bPearson Printice Hall
_c,2013.
300 _a582p.
_b0
_fOriginal
500 _aIncludes Index
600 _aElectronic Engineering
650 _aTechnology
942 _cBK
999 _c13771
_d13771